| 000 | 00983nac a22001691u 4500 | ||
|---|---|---|---|
| 008 | 080901s1985 ku|||||r|||| 001 0 ara d | ||
| 082 |
_a182 _bإ س ح |
||
| 245 |
_aاداب الفلاسفة/ _cحنين بن اسحق؛ اختصره محمد بن على بن ابراهيم بن احمد بن محمد الانصارى؛ حققه وقدم له وعلق عليه عبد الرحمن بدوى |
||
| 260 |
_aالكويت: _bمعهد المخطوطات العربية . المنظمة العربية للتربية والثقافة والعلوم،1985 _c1985 |
||
| 300 |
_a171 ؛ص _c23 سم |
||
| 511 | _aCatalogued by: Sara | ||
| 541 |
_aالف باء؛ _cشراء؛ |
||
| 700 |
_916367 _aالأنصاري، محمد بن علي بن إبراهيم بن أحمد بن محمد _eمختصر |
||
| 700 |
_916353 _aبدوي،عبد الرحمن _eمحقق |
||
| 710 |
_aالمنظمة العربية للتربية والثقافة والعلوم _916368 |
||
| 942 |
_cBB _k182إ س ح _2ddc |
||
| 999 |
_c5430 _d5430 |
||